| 000 | 00732cam a2200229 4500 | ||
|---|---|---|---|
| 999 |
_c7180 _d7180 |
||
| 020 |
_a9789575036492 _c新臺幣380元 |
||
| 100 | 1 | _a陳志恆 | |
| 245 | 1 | 0 |
_a正向聚焦: _b有效肯定的三十種變化, 點燃孩子的內在動力 / _c陳志恆著 |
| 250 | _a第一版 | ||
| 260 |
_a臺北市 : _b親子天下, _c2020.10 |
||
| 300 |
_a358面 : _c21公分 |
||
| 490 | 0 |
_a家庭與生活 ; _v064. |
|
| 942 |
_2ccl _cBOOK |
||